Report of the tariff commission on the revision of prices of raw rubber Bombay, 1957 (Record no. 43393)

MARC details
000 -LEADER
fixed length control field 00391nam a2200121Ia 4500
082 ## - DEWEY DECIMAL CLASSIFICATION NUMBER
Classification number NR:336(047)1932
Item number IND;2
245 #0 - TITLE STATEMENT
Title Report of the tariff commission on the revision of prices of raw rubber Bombay, 1957
260 ## - PUBLICATION, DISTRIBUTION, ETC. (IMPRINT)
Place of publication New Delhi
Name of publisher Manager of Publications
Year of publication 1952
650 ## - SUBJECT ADDED ENTRY--TOPICAL TERM
Topical Term Raw rubber price
650 ## - SUBJECT ADDED ENTRY--TOPICAL TERM
Topical Term Tariff commission
942 ## - ADDED ENTRY ELEMENTS (KOHA)
Koha item type Books
Holdings
Withdrawn status Lost status Damaged status Not for loan Collection code Home library Current library Date acquired Source of acquisition Cost, normal purchase price Full call number Accession Number Koha item type
        Issued to legal section RRII Library RRII Library 16/12/2021 Gift 2.00 NR:336(047)1932 IND;2 G00115 Books